| 000 | 00623nam a22001817a 4500 | ||
|---|---|---|---|
| 003 | BD-DhUL | ||
| 005 | 20170516172422.0 | ||
| 008 | 170516s1976 bg a|||| |||| 00| 0 ben c | ||
| 040 |
_aBD-DhUL _cBD-DhUL |
||
| 082 |
_a891.44 _bSAP |
||
| 100 | 1 | _aসাহা, অসীম | |
| 245 | 1 | 0 |
_aপ্রগতিশীল সাহিত্যের ধারা / _cঅসীম সাহা |
| 260 |
_aঢাকা : _bমুক্তধারা, _c১৯৭৬ |
||
| 300 |
_a১০৪ পৃ. ; _c২২ সেমি. |
||
| 650 | 0 | _aবাংলা সাহিত্য | |
| 650 | 0 | _aBangla Literature | |
| 942 |
_2ddc _cBK |
||
| 999 |
_c197910 _d197910 |
||